Datum a čas kvízu
34.5
Celkem bodů
Celkový počet nahraných bodů na tomto kvízu bez doplňovacích otázek.
6.
Pořadí na kvízu
Konečné umístění týmu na tomto kvízu.
Zaznamenané odpovědi
| # | Otázka | Odpověď | Body | Výsledky |
|---|---|---|---|---|
| 1. | Jedno naše město bojuje proti... | Brno | 1 | |
| 2. | Jak se jmenuje město, které by... | Vladivostok | 1 | |
| 3. | Vzácná kytara, kterou si zakou... | George Harrison | 0 | |
| 4. | Kanadská těžařská společnosti... | Botswana | 1 | |
| 5. | Jak se jmenují dva finalisté f... | Slavia Praha, Baník Ostrava | 1 | |
| 6. | Na obrázku vidíme nizozemské m... | Gouda | 1 | |
| 7. | Jak se jmenuje bývalá nizozems... | Beatrix | 1 | |
| 8. | Nizozemsko se může pyšnit slav... | brambory | 0 | |
| 9. | Nadnárodní společnost, která s... | Ahold | 1 | |
| 10. | Mezi nejoblíbenější sporty v N... | Hendrik Johannes Cruijff (Johan Cruyff) | 1 |